| 000 | 00490nam a2200169Ia 4500 | ||
|---|---|---|---|
| 999 |
_c5910 _d5910 |
||
| 003 | OSt | ||
| 005 | 20200127122337.0 | ||
| 008 | 190216s9999||||xx |||||||||||||| ||und|| | ||
| 020 | _a8174935940 | ||
| 040 | _coclc | ||
| 082 |
_a657.45 _bSAX/P |
||
| 100 |
_aSaxena, R G _91295 |
||
| 245 | 0 |
_aPrinciples And Practice Of Auditing / _cR G Saxena |
|
| 260 |
_bHimalaya Publishing House, _c1999. _aMumbai: |
||
| 300 | _a497p | ||
| 942 |
_cBK _2ddc _h657.45 _iSAX/P _k657.45 _mSAX/P |
||